Thuế vụ đại cương /

সংরক্ষণ করুন:
গ্রন্থ-পঞ্জীর বিবরন
প্রধান লেখক: Phan Hiển Minh
অন্যান্য লেখক: Tô Văn Yên, Tôn Thất Thông
বিন্যাস: Sách giấy
ভাষা:Vietnamese
প্রকাশিত: Hà Nội : Giáo dục , 1995
ট্যাগগুলো: ট্যাগ যুক্ত করুন
কোনো ট্যাগ নেই, প্রথমজন হিসাবে ট্যাগ করুন!
Thư viện lưu trữ: Thư viện Trường Đại học Đà Lạt
LEADER 00677nam a2200277 4500
001 DLU020015519
005 ##8/18/2000
020 # # |a 978- 
041 # # |a vie 
082 # # |a 336.2  |b PH-M 
090 # # |a 336.2  |b PH-M 
100 # # |a Phan Hiển Minh 
245 # # |a Thuế vụ đại cương /  |c Phan Hiển Minh, Tô Văn Yên, Tôn Thất Thông 
260 # # |a Hà Nội :  |b Giáo dục ,  |c 1995 
300 # # |a 198 tr.;   |c 23 cm. 
700 # # |a Tô Văn Yên 
700 # # |a Tôn Thất Thông 
992 # # |a 16500 
994 # # |a DLU 
900 # # |a False 
911 # # |a Administrator 
925 # # |a G 
926 # # |a A 
927 # # |a SH 
980 # # |a Thư viện Trường Đại học Đà Lạt